Series catalanes - Estadísticas

Estadísticas generales
  • Esta prueba ha sido intentada 85 veces
  • La puntuación promedio es 5 de 16
Estadísticas de respuestas
Imagen Respuesta % Correcto
Merlí
100%
Polseres vermelles
72%
Plats bruts
66%
Benvinguts a la família
34%
Jet lag
34%
Com si fos ahir
28%
Vinagre
26%
El cor de la ciutat
19%
Nit i dia
19%
Porca misèria
19%
Això no és Suècia
18%
Kubala Moreno Manchón
14%
Vendelplà
12%
Tresina S.A
9%
Infidels
3%
39+1
0%
No se encontraron pruebas coincidentes
Distribución de puntuación
Porcentaje de gente con cada puntuación
Porcentaje por número respondido
Historial de tus puntuaciones
No has intentado esta prueba.